European Capitals Closest to London - Statistics

General Stats
  • This quiz has been taken 23 times
  • The average score is 12 of 44
Answer Stats
Answer Distance (Km) % Correct
Paris 341
100%
Amsterdam 357
89%
Brussels 321
89%
Dublin 463
89%
Luxembourg 488
79%
Berlin 931
68%
Bern 747
68%
Vaduz 850
63%
Copenhagen 955
58%
Oslo 1153
53%
Vienna 1234
47%
Monaco 1032
42%
Andorra La Vella 1008
37%
Prague 1033
32%
Madrid 1264
26%
Moscow 2499
26%
Bratislava 1289
16%
Ljubljana 1228
16%
San Marino 1261
16%
Zagreb 1338
16%
Athens 2390
11%
Bucharest 2089
11%
Kiev 2131
11%
Skopje 1944
11%
Sofia 2015
11%
Stockholm 1432
11%
Tirana 1887
11%
Vatican City 1432
11%
Warsaw 1447
11%
Belgrade 1687
5%
Budapest 1449
5%
Chisinau 2146
5%
Helsinki 1820
5%
Lisbon 1585
5%
Minsk 1870
5%
Podgorica 1776
5%
Pristina 1877
5%
Reykjavik 1883
5%
Riga 1677
5%
Rome 1433
5%
Sarajevo 1620
5%
Tallinn 1781
5%
Valletta 2090
5%
Vilnius 1722
5%
No matching quizzes found
Score Distribution
Percent of People with Each Score
Percentile by Number Answered
Your Score History
You have not taken this quiz